Normal view
MARC view
Entry Personal Name
001 - CONTROL NUMBER
- control field: 85393
003 - CONTROL NUMBER IDENTIFIER
- control field: dpl
005 - DATE AND TIME OF LATEST TRANSACTION
- control field: 20251007112100.0
008 - FIXED-LENGTH DATA ELEMENTS
- fixed length control field: 251007|| aca||aabn | a|a d
040 ## - CATALOGING SOURCE
- Original cataloging agency: dpl
- Transcribing agency: dpl
100 ## - HEADING--PERSONAL NAME
- Personal name: भाटिया, गीता
670 ## - SOURCE DATA FOUND
- Source citation: Work cat.: (dpl)213588: भाटिया, गीता , इश्क़ फकीरी /, 2022
